Διαδικτυακή και διαδραστική χαρτογραφία στην εκπαίδευση : μια εφαρμογή στον πολιτικό χάρτη της Ελλάδας : διπλωματική εργασία

Saved in:
Bibliographic Details
Main Author: Κωστίδου, Γεωργία
Corporate Author: Πανεπιστήμιο Αιγαίου. Σχολή Κοινωνικών Επιστημών. Τμήμα Γεωγραφίας
Other Authors: Σουλακέλλης, Νικόλαος (dgs [Επιβλέπων καθηγητής])
Format: Thesis Book
Language:Greek
Published: 2015.
Subjects:
Tags: Add Tag
No Tags, Be the first to tag this record!

MARC

LEADER 00000cam a2200000 a 4500
001 1/112928
008 170202s2015####gr | ||| |||| ||gre||
040 |a GR-MyUa  |b gre  |c GR-MyUa  |e AACR2 
041 0 |a gre 
082 7 |a 371.3  |2 (23) 
100 1 |a Κωστίδου, Γεωργία. 
245 1 0 |a Διαδικτυακή και διαδραστική χαρτογραφία στην εκπαίδευση :   |b μια εφαρμογή στον πολιτικό χάρτη της Ελλάδας : διπλωματική εργασία /   |c επιμέλεια: Κωστίδου Γεωργία ; επιβλέπων καθηγητής: Σουλακέλλης Νικόλαος.  
260 |c 2015.  
300 |a 78 σ. :   |b εικ., πιν. ;   |c 29 εκ.  
500 |a Μέλη εξεταστικής επιτροπής: Σουλακέλλης Νικόλαος (επιβλέπων), Λαμπρινός Νικόλαος, Βαΐτης Μιχάλης.  
502 |a Πτυχιακή εργασία - Πανεπιστήμιο Αιγαίου, Λέσβος, 2015.  
504 |a Περιλαμβάνει βιβλιογραφία και παράρτημα.  
506 0 |a Ηλεκτρονική διάθεση στο πλήρες κείμενο - ελεύθερης πρόσβασης.  
540 |a Κλειδωμένη η δυνατότητα αντιγραφής (copy) από το ηλεκτρονικό αρχείο.  
650 0 |a Maps in education. 
650 0 |a Educational technology. 
650 0 |a Cartography  |x Study and teaching. 
650 0 |a Geographic information systems. 
700 1 |a Σουλακέλλης, Νικόλαος,  |e dgs [Επιβλέπων καθηγητής] 
710 2 |a Πανεπιστήμιο Αιγαίου.   |b Σχολή Κοινωνικών Επιστημών.   |b Τμήμα Γεωγραφίας. 
852 |a INST  |b LESVOS  |c DIATR  |e 20170202  |h 960  |p 005100059389  |q 005100059389  |t DIE  |y 23 
924 |a Κωστίδου  |b Γεωργία  |y Λέσβος  |z 2015-12 
970 |a Πατσή   |b Ανθίππη  |z 02-02-2017